All Rochester Neighborhoods - Statistics

General Stats
  • This quiz has been taken 103 times
  • The average score is 9 of 33
Answer Stats
# Neighborhood Pop. % Correct
14 Central Business District 6,138
63%
23 South Wedge 3,456
61%
2 19th Ward 18,959
51%
18 Highland Park 4,052
41%
4 Corn Hill 12,019
39%
10 Charlotte 6,806
34%
11 Park Avenue 6,780
34%
29 Swillburg 1,889
34%
17 Genesee-Jefferson 4,850
32%
26 Pearl-Meigs-Monroe 2,805
32%
6 Beechwood 8,523
29%
1 Group 14621 32,728
29%
7 Culver-Winton-Main 7,780
27%
9 East Avenue 6,944
27%
5 Lyell-Otis 8,727
24%
33 Susan B. Anthony 170
24%
21 Browncroft 3,708
22%
30 Cobbs Hill 1,594
22%
32 High Falls 627
22%
27 Mayor's Heights 2,614
22%
16 North Marketview Heights 5,054
22%
25 Plymouth-Exchange 3,372
22%
12 Upper Falls 6,356
22%
8 Edgerton 7,609
20%
3 Maplewood Historic 18,261
20%
28 South Marketview Heights 2,575
20%
22 Dutchtown 3,534
17%
20 Homestead Heights 3,803
17%
15 Northland-Lyceum 5,150
17%
31 Brown Square 666
15%
24 United Neighbors Together 3,390
15%
13 Strong 6,196
12%
19 Charles House Area 3,916
7%
No matching quizzes found
Score Distribution
Percent of People with Each Score
Percentile by Number Answered
Your Score History
You have not taken this quiz